Kritické faktory ovplyvňujúce IT Governance v podnikoch
Vyšpecifikovanie kľúčových faktorov ovplyvňujúcich úroveň IT Governance, s dôrazom na mäkké faktory, teda na faktory, ktoré sa týkajú ľudského činiteľa a sociálnych vzťahov v podnikoch.
Gespeichert in:
| 1. Verfasser: | |
|---|---|
| Weitere Verfasser: | |
| Format: | Buchkapitel |
| Sprache: | Slowakisch |
| Schlagworte: | |
| Tags: |
Keine Tags, Fügen Sie das erste Tag hinzu!
|
MARC
| LEADER | 00000naa a2200000 4500 | ||
|---|---|---|---|
| 001 | 0256996 | ||
| 005 | 20240502074100.2 | ||
| 041 | 0 | |a slo | |
| 044 | |a SK | ||
| 245 | 1 | 0 | |a Kritické faktory ovplyvňujúce IT Governance v podnikoch |c Anna Hamranová, Anikó Töröková |
| 520 | |a Vyšpecifikovanie kľúčových faktorov ovplyvňujúcich úroveň IT Governance, s dôrazom na mäkké faktory, teda na faktory, ktoré sa týkajú ľudského činiteľa a sociálnych vzťahov v podnikoch. | ||
| 610 | 2 | 0 | |a technológie informačné |
| 610 | 2 | 0 | |a technológie komunikačné |
| 610 | 2 | 0 | |a správa podniku |
| 610 | 2 | 0 | |a správa spoločnosti |
| 610 | 2 | 0 | |a procesy podnikové |
| 610 | 2 | 0 | |a riadenie podnikové |
| 610 | 2 | 0 | |a systémy informačné organizácií |
| 610 | 2 | 0 | |a systémy informačné podnikové |
| 100 | 1 | |a Hamranová, Anna, 1957- | |
| 700 | 1 | |a Töröková, Anikó, 1963- | |